Cuộc đời phiêu bạt của Ali Dibac : Truyện Ả rập
Kaydedildi:
| Materyal Türü: | Sách giấy |
|---|---|
| Dil: | Vietnamese |
| Baskı/Yayın Bilgisi: |
Đồng Nai :
Đồng Nai ,
1983
|
| Etiketler: |
Etiketle
Etiket eklenmemiş, İlk siz ekleyin!
|
| Thư viện lưu trữ: | Thư viện Trường Đại học Đà Lạt |
|---|
| LEADER | 00564nam a2200241 4500 | ||
|---|---|---|---|
| 001 | DLU020015278 | ||
| 005 | ##8/7/2000 | ||
| 020 | # | # | |a 978- |
| 041 | # | # | |a vie |
| 082 | # | # | |a 892.73 |b Ngh |
| 090 | # | # | |a 892.73 |b Ngh |
| 245 | # | # | |a Cuộc đời phiêu bạt của Ali Dibac : |b Truyện Ả rập |
| 260 | # | # | |a Đồng Nai : |b Đồng Nai , |c 1983 |
| 300 | # | # | |a 504 tr.; |c 19 cm. |
| 992 | # | # | |a 17500 |
| 994 | # | # | |a DLU |
| 900 | # | # | |a False |
| 911 | # | # | |a Administrator |
| 925 | # | # | |a G |
| 926 | # | # | |a A |
| 927 | # | # | |a SH |
| 980 | # | # | |a Thư viện Trường Đại học Đà Lạt |